| 000 | 01008nam a22003137a 4500 | ||
|---|---|---|---|
| 003 | CHAP | ||
| 005 | 20220329140710.0 | ||
| 008 | 971013s1968 r 10010 d | ||
| 010 | _a56239 | ||
| 011 | _a57211 | ||
| 035 | _a61365 | ||
| 040 | _cCHAP | ||
| 082 |
_a526.982 _bS55 1967 |
||
| 111 | 0 | 0 |
_aSimposio sobre Fotointerpretación Aéreas ( _n2 _d: 1967 _c: Ottawa) _9106410 |
| 245 | _aMemoria | ||
| 260 |
_aMéxico, D. F. : _bInstituto Panamericano de Geografía e Historia, _c1968 |
||
| 300 | _a116 p. | ||
| 490 |
_aPublicaciones _v; 312 |
||
| 590 |
_aBATCH-UPD _b10 _c20130110 _lUCH01 _h0647 |
||
| 590 |
_aBATCH-UPD _b10 _c20130410 _lUCH01 _h0331 |
||
| 590 |
_aBATCH-UPD _b10 _c20130914 _lUCH01 _h1433 |
||
| 590 |
_aCONVERSION _b10 _c20130109 _lUCH01 _h1330 |
||
| 650 | 1 | 4 |
_aFotografía aérea. _942714 |
| 650 | 1 | 4 |
_aFotointerpretación. _942728 |
| 830 | 0 |
_aPublicaciones _v; 312 _992668 |
|
| 901 | _aBK | ||
| 942 | _cLIBRO | ||
| 949 |
_a526.982 S55 1967 _bBC _cLIBRO _d33724000437919 _eLIBRO _h43398 _i61365 _si |
||
| 999 |
_c56239 _d56239 |
||